| 000 | 00365nam a22001577a 4500 | ||
|---|---|---|---|
| 005 | 20181006120401.0 | ||
| 008 | 181006b xxu||||| |||| 00| 0 eng d | ||
| 020 | _a978-81-7956-165-2 | ||
| 041 | _aeng | ||
| 100 |
_aVerma,B.P _94875 |
||
| 245 | _aRoof Bolting | ||
| 260 |
_aDhanbad _bLovely Prakshan _c2018 |
||
| 300 | _a200 | ||
| 650 |
_aMining _94876 |
||
| 942 | _cBK | ||
| 999 |
_c5746 _d5744 |
||